[Event "Quebec-ch Intercoll"]
[Site "Sainte Foy"]
[Date "1983.04.02"]
[Round "3"]
[White "Gagnon, Fabien"]
[Black "Bairlett, Stephane"]
[Result "1/2-1/2"]
[WhiteElo "1475"]
[BlackElo "1500"]
[PlyCount "37"]
[EventDate "1983.04.01"]
[EventType "swiss"]
[EventRounds "6"]
[EventCountry "CAN"]
[SourceTitle "EXT 2022"]
[Source "ChessBase"]
[SourceDate "2021.10.06"]
[SourceVersion "1"]
[SourceVersionDate "2021.10.06"]
[SourceQuality "1"]

1. e4 c5 2. Nf3 d6 3. Bb5+ Bd7 4. Bxd7+ Qxd7 5. 0-0 g6 6. c3 Bg7 7. d4 cxd4 8. cxd4 e6 9. Qe2 Ne7 10. Rd1 0-0 11. Bf4 d5 12. Nc3 dxe4 13. Nxe4 Nd5 14. Bg3 Nc6 15. Nc5 Qe7 16. Bh4 Qc7 17. Bg3 Qe7 18. Bh4 Qc7 19. Bg3 1/2-1/2